书目信息 |
| 题名: |
编码的奥秘
|
|
| 作者: | 佩措尔德, , 王壹正 著 ;伍卫国, , 比得楚尔得 译 | |
| 分册: | ||
| 出版信息: | 北京 机械工业出版社 2001.02 |
|
| 页数: | 273页 | |
| 开本: | 26cm | |
| 丛书名: | 计算机科学丛书 | |
| 单 册: | ||
| 中图分类: | TP301 | |
| 科图分类: | ||
| 主题词: | 电子计算机--dian zi ji suan ji--编码--基本知识 | |
| 电子资源: | ||
| ISBN: | 7-111-08078-5 | |
| 000 | 01452nam 2200409 450 | |
| 001 | CAL 012000895038 | |
| 005 | 20050610091911.23 | |
| 010 | @a7-111-08078-5@dCNY 24.00 | |
| 092 | @b0001701-278 | |
| 099 | @aCAL 012000895038 | |
| 100 | @a20000911d2001 ekmy0chiy0121 ea | |
| 101 | 1 | @achi@ceng |
| 102 | @aCN@b110000 | |
| 105 | @aack z 000yy | |
| 200 | 1 | @a编码的奥秘@Abian ma de ao mi@f王壹正译;比得楚尔得@Fwang yi zheng yi;bi de chu er de@g伍卫国...[等]译 |
| 210 | @a北京@c机械工业出版社@d2001.02 | |
| 215 | @a273页@c图,肖像@d26cm | |
| 225 | 2 | @a计算机科学丛书@Aji suan ji ke xue cong shu |
| 306 | @a本书中文简体字版由美国微软出版社授权机械工业出版社出版。 | |
| 312 | @a封面英文题名:CODE | |
| 314 | @a著者Charles Petzold:规范中译姓:佩措尔德。 | |
| 330 | @a本书讲述了与计算机原理相关的各种编码方法,并通过数字逻辑电路以及存储器、微处理器的形成、组织及发展阐述了编码的实现。 | |
| 410 | 0 | @12001 @a计算机科学丛书 |
| 510 | 1 | @aCODE@zeng |
| 606 | 0 | @a电子计算机@Adian zi ji suan ji@x编码@x基本知识 |
| 690 | @aTP301@v4 | |
| 700 | 0 | @4著 |
| 701 | 1 | @a佩措尔德,@Apei cuo er de@bC.@g(Petzold, Charles),@f1953-@4著 |
| 701 | 0 | @a王壹正@Awang yi zheng@4译 |
| 702 | 0 | @a伍卫国,@Awu wei guo@f1964-@4译 |
| 702 | 0 | @a比得楚尔得@Abi de chu er de |
| 801 | 0 | @aCN@bWYXH@c20050610 |
| 801 | 2 | @aCN@bSEU@c20030113 |
| 801 | 2 | @aCN@bNUL@c20001205 |
| 905 | @a10447@dTP301@eW420 | |
| 906 | @dCNY24.00@n0@r1 | |
| 998 | @aSJT | |
| 编码的奥秘/王壹正译;比得楚尔得/伍卫国...[等]译.-北京:机械工业出版社,2001.02 |
| 273页:图,肖像;26cm.-(计算机科学丛书) |
| ISBN 7-111-08078-5:CNY 24.00 |
| 本书讲述了与计算机原理相关的各种编码方法,并通过数字逻辑电路以及存储器、微处理器的形成、组织及发展阐述了编码的实现。 |
| ● |
| 相关链接 |
|
|
|
正题名:编码的奥秘
索取号:TP301/W420
 
预约/预借
| 序号 | 登录号 | 条形码 | 馆藏地/架位号 | 状态 | 备注 |
| 1 | 531767 | 205317673 | 自科二线404/404自科库 17排4列6层/ [索取号:TP301/W420] | 在馆 | |
| 2 | 531768 | 205317682 | 自科库301/301自科库 45排4列3层/ [索取号:TP301/W420] | 在馆 | |
| 3 | 531769 | 205317691 | 自科二线404/404自科库 17排4列6层/ [索取号:TP301/W420] | 在馆 | |
| 4 | 531770 | 205317708 | 自科库301/301自科库 101排3列2层/ [索取号:TP301/W420] |
已借出,限还日期为2026.12.27 借出人:武宗锋 |
|
| 5 | 531771 | 205317717 | 自科二线404/404自科库 17排4列6层/ [索取号:TP301/W420] | 在馆 |